Normal view
MARC view
- Haider, S. Sajad
Entry Personal Name
001 - CONTROL NUMBER
- control field: 51811
003 - CONTROL NUMBER IDENTIFIER
- control field: NUST
005 - DATE AND TIME OF LATEST TRANSACTION
- control field: 20210314135059.0
008 - FIXED-LENGTH DATA ELEMENTS
- fixed length control field: 210314|| aca||aabn | a|a d
040 ## - CATALOGING SOURCE
- Original cataloging agency: NUST
- Transcribing agency: NUST
100 ## - HEADING--PERSONAL NAME
- Personal name: Haider, S. Sajad
670 ## - SOURCE DATA FOUND
- Source citation: Work cat.: (NUST): Haider, S. Sajad,, Flight of the falcon /, 2009.
